Niektoré skúsenosti zo zníženia pracovných síl v poľnohospodárskych podnikoch.

Zníženie počtu pracovných síl v organizáciách poľnohospodárskej prvovýroby SR v r. 1990 a zníženie počtu pracovníkov očakávané v r. 1991. Možnosti nových pracovných príležitostí pri finalizácii produktov a pri zmene výrobného programu.

Saved in:
Bibliographic Details
Main Author: Mach, František
Format: Book Chapter
Language:Slovak
Subjects:
Tags: Add Tag
No Tags, Be the first to tag this record!

MARC

LEADER 00000naa a2200000 4500
001 r006380
005 20221125075842.6
041 0 |a slo 
044 |a [CS] 
245 1 0 |a Niektoré skúsenosti zo zníženia pracovných síl v poľnohospodárskych podnikoch.  |c František Mach 
520 |a Zníženie počtu pracovných síl v organizáciách poľnohospodárskej prvovýroby SR v r. 1990 a zníženie počtu pracovníkov očakávané v r. 1991. Možnosti nových pracovných príležitostí pri finalizácii produktov a pri zmene výrobného programu. 
610 2 0 |a sily pracovné 
610 2 0 |a podnik poľnohospodársky 
610 2 0 |a Slovensko 
610 2 0 |a 1990 
610 2 0 |a príležitosť pracovná 
610 2 0 |a programy výrobné 
610 2 0 |a uvoľňovanie pracovníkov 
100 1 |a Mach, František